{"text_format":"2","workbook":"xlsx","n_sheets":1,"sheets":["Planilha1"],"not_rendered":{"charts":0,"images":0,"macros":0,"external_links":0,"defined_names":1,"comments":0,"pivot_tables":0},"unopened":[],"bounds":{"document_bytes":16777216,"sheet_cells":100000,"run_cost":"one","rows_first":2000,"rows_last":500,"rows_between":2000,"halvings":0,"cell_chars":16384,"cell_head_chars":4096},"cells_cut":0,"cells_raw":0,"read":"whole","date_system":"1900"}

{"sheet":"Planilha1","index":0,"n_rows":375,"n_cols":11,"rows_kept":375,"cut":false,"hidden":false,"merged":[[362,0,365,0],[362,1,365,1],[362,2,365,2],[362,3,365,3],[362,4,365,4],[358,0,361,0],[358,1,361,1],[358,2,361,2],[358,3,361,3],[358,4,361,4],[354,0,357,0],[354,1,357,1],[354,2,357,2],[354,3,357,3],[354,4,357,4],[350,0,353,0],[350,1,353,1],[350,2,353,2],[350,3,353,3],[350,4,353,4],[346,0,349,0],[346,1,349,1],[346,2,349,2],[346,3,349,3],[346,4,349,4],[342,0,345,0],[342,1,345,1],[342,2,345,2],[342,3,345,3],[342,4,345,4],[339,0,341,0],[339,1,341,1],[339,2,341,2],[339,3,341,3],[339,4,341,4],[335,0,338,0],[335,1,338,1],[335,2,338,2],[335,3,338,3],[335,4,338,4],[332,0,334,0],[332,1,334,1],[332,2,334,2],[332,3,334,3],[332,4,334,4],[328,0,331,0],[328,1,331,1],[328,2,331,2],[328,3,331,3],[328,4,331,4],[324,0,327,0],[324,1,327,1],[324,2,327,2],[324,3,327,3],[324,4,327,4],[320,0,323,0],[320,1,323,1],[320,2,323,2],[320,3,323,3],[320,4,323,4],[317,0,319,0],[317,1,319,1],[317,2,319,2],[317,3,319,3],[317,4,319,4],[314,0,316,0],[314,1,316,1],[314,2,316,2],[314,3,316,3],[314,4,316,4],[310,0,313,0],[310,1,313,1],[310,2,313,2],[310,3,313,3],[310,4,313,4],[306,0,309,0],[306,1,309,1],[306,2,309,2],[306,3,309,3],[306,4,309,4],[303,0,305,0],[303,1,305,1],[303,2,305,2],[303,3,305,3],[303,4,305,4],[300,0,302,0],[300,1,302,1],[300,2,302,2],[300,3,302,3],[300,4,302,4],[298,0,299,0],[298,1,299,1],[298,2,299,2],[298,3,299,3],[298,4,299,4],[295,0,297,0],[295,1,297,1],[295,2,297,2],[295,3,297,3],[295,4,297,4],[293,0,294,0],[293,1,294,1],[293,2,294,2],[293,3,294,3],[293,4,294,4],[290,0,292,0],[290,1,292,1],[290,2,292,2],[290,3,292,3],[290,4,292,4],[287,0,289,0],[287,1,289,1],[287,2,289,2],[287,3,289,3],[287,4,289,4],[284,0,286,0],[284,1,286,1],[284,2,286,2],[284,3,286,3],[284,4,286,4],[281,0,283,0],[281,1,283,1],[281,2,283,2],[281,3,283,3],[281,4,283,4],[278,0,280,0],[278,1,280,1],[278,2,280,2],[278,3,280,3],[278,4,280,4],[275,0,277,0],[275,1,277,1],[275,2,277,2],[275,3,277,3],[275,4,277,4],[272,0,274,0],[272,1,274,1],[272,2,274,2],[272,3,274,3],[272,4,274,4],[268,0,271,0],[268,1,271,1],[268,2,271,2],[268,3,271,3],[268,4,271,4],[264,0,267,0],[264,1,267,1],[264,2,267,2],[264,3,267,3],[264,4,267,4],[260,0,263,0],[260,1,263,1],[260,2,263,2],[260,3,263,3],[260,4,263,4],[256,0,259,0],[256,1,259,1],[256,2,259,2],[256,3,259,3],[256,4,259,4],[252,0,255,0],[252,1,255,1],[252,2,255,2],[252,3,255,3],[252,4,255,4],[249,0,251,0],[249,1,251,1],[249,2,251,2],[249,3,251,3],[249,4,251,4],[247,0,248,0],[247,1,248,1],[247,2,248,2],[247,3,248,3],[247,4,248,4],[244,0,246,0],[244,1,246,1],[244,2,246,2],[244,3,246,3],[244,4,246,4],[241,0,243,0],[241,1,243,1],[241,2,243,2],[241,3,243,3],[241,4,243,4],[239,0,240,0],[239,1,240,1],[239,2,240,2],[239,3,240,3],[239,4,240,4],[237,0,238,0],[237,1,238,1],[237,2,238,2],[237,3,238,3],[237,4,238,4],[235,0,236,0],[235,1,236,1],[235,2,236,2],[235,3,236,3],[235,4,236,4],[233,0,234,0],[233,1,234,1],[233,2,234,2],[233,3,234,3],[233,4,234,4],[230,0,232,0],[230,1,232,1],[230,2,232,2],[230,3,232,3],[230,4,232,4],[227,0,229,0],[227,1,229,1],[227,2,229,2],[227,3,229,3],[227,4,229,4],[224,0,226,0],[224,1,226,1],[224,2,226,2],[224,3,226,3],[224,4,226,4],[222,0,223,0],[222,1,223,1],[222,2,223,2],[222,3,223,3],[222,4,223,4],[220,0,221,0],[220,1,221,1],[220,2,221,2],[220,3,221,3],[220,4,221,4],[217,0,219,0],[217,1,219,1],[217,2,219,2],[217,3,219,3],[217,4,219,4],[214,0,216,0],[214,1,216,1],[214,2,216,2],[214,3,216,3],[214,4,216,4],[212,0,213,0],[212,1,213,1],[212,2,213,2],[212,3,213,3],[212,4,213,4],[209,0,211,0],[209,1,211,1],[209,2,211,2],[209,3,211,3],[209,4,211,4],[206,0,208,0],[206,1,208,1],[206,2,208,2],[206,3,208,3],[206,4,208,4],[204,0,205,0],[204,1,205,1],[204,2,205,2],[204,3,205,3],[204,4,205,4],[202,0,203,0],[202,1,203,1],[202,2,203,2],[202,3,203,3],[202,4,203,4],[198,0,201,0],[198,1,201,1],[198,2,201,2],[198,3,201,3],[198,4,201,4],[195,0,197,0],[195,1,197,1],[195,2,197,2],[195,3,197,3],[195,4,197,4],[193,0,194,0],[193,1,194,1],[193,2,194,2],[193,3,194,3],[193,4,194,4],[190,0,192,0],[190,1,192,1],[190,2,192,2],[190,3,192,3],[190,4,192,4],[188,0,189,0],[188,1,189,1],[188,2,189,2],[188,3,189,3],[188,4,189,4],[184,0,187,0],[184,1,187,1],[184,2,187,2],[184,3,187,3],[184,4,187,4],[181,0,183,0],[181,1,183,1],[181,2,183,2],[181,3,183,3],[181,4,183,4],[178,0,180,0],[178,1,180,1],[178,2,180,2],[178,3,180,3],[178,4,180,4],[175,0,177,0],[175,1,177,1],[175,2,177,2],[175,3,177,3],[175,4,177,4],[172,0,174,0],[172,1,174,1],[172,2,174,2],[172,3,174,3],[172,4,174,4],[170,0,171,0],[170,1,171,1],[170,2,171,2],[170,3,171,3],[170,4,171,4],[168,0,169,0],[168,1,169,1],[168,2,169,2],[168,3,169,3],[168,4,169,4],[166,0,167,0],[166,1,167,1],[166,2,167,2],[166,3,167,3],[166,4,167,4],[162,0,165,0],[162,1,165,1],[162,2,165,2],[162,3,165,3],[162,4,165,4],[160,0,161,0],[160,1,161,1],[160,2,161,2],[160,3,161,3],[160,4,161,4],[158,0,159,0],[158,1,159,1],[158,2,159,2],[158,3,159,3],[158,4,159,4],[156,0,157,0],[156,1,157,1],[156,2,157,2],[156,3,157,3],[156,4,157,4],[154,0,155,0],[154,1,155,1],[154,2,155,2],[154,3,155,3],[154,4,155,4],[152,0,153,0],[152,1,153,1],[152,2,153,2],[152,3,153,3],[152,4,153,4],[150,0,151,0],[150,1,151,1],[150,2,151,2],[150,3,151,3],[150,4,151,4],[147,0,149,0],[147,1,149,1],[147,2,149,2],[147,3,149,3],[147,4,149,4],[144,0,146,0],[144,1,146,1],[144,2,146,2],[144,3,146,3],[144,4,146,4],[142,0,143,0],[142,1,143,1],[142,2,143,2],[142,3,143,3],[142,4,143,4],[139,0,141,0],[139,1,141,1],[139,2,141,2],[139,3,141,3],[139,4,141,4],[137,0,138,0],[137,1,138,1],[137,2,138,2],[137,3,138,3],[137,4,138,4],[135,0,136,0],[135,1,136,1],[135,2,136,2],[135,3,136,3],[135,4,136,4],[132,0,134,0],[132,1,134,1],[132,2,134,2],[132,3,134,3],[132,4,134,4],[130,0,131,0],[130,1,131,1],[130,2,131,2],[130,3,131,3],[130,4,131,4],[126,0,129,0],[126,1,129,1],[126,2,129,2],[126,3,129,3],[126,4,129,4],[123,0,125,0],[123,1,125,1],[123,2,125,2],[123,3,125,3],[123,4,125,4],[121,0,122,0],[121,1,122,1],[121,2,122,2],[121,3,122,3],[121,4,122,4],[119,0,120,0],[119,1,120,1],[119,2,120,2],[119,3,120,3],[119,4,120,4],[116,0,118,0],[116,1,118,1],[116,2,118,2],[116,3,118,3],[116,4,118,4],[113,0,115,0],[113,1,115,1],[113,2,115,2],[113,3,115,3],[113,4,115,4],[111,0,112,0],[111,1,112,1],[111,2,112,2],[111,3,112,3],[111,4,112,4],[109,0,110,0],[109,1,110,1],[109,2,110,2],[109,3,110,3],[109,4,110,4],[106,0,108,0],[106,1,108,1],[106,2,108,2],[106,3,108,3],[106,4,108,4],[104,0,105,0],[104,1,105,1],[104,2,105,2],[104,3,105,3],[104,4,105,4],[102,0,103,0],[102,1,103,1],[102,2,103,2],[102,3,103,3],[102,4,103,4],[100,0,101,0],[100,1,101,1],[100,2,101,2],[100,3,101,3],[100,4,101,4],[98,0,99,0],[98,1,99,1],[98,2,99,2],[98,3,99,3],[98,4,99,4],[95,0,97,0],[95,1,97,1],[95,2,97,2],[95,3,97,3],[95,4,97,4],[93,0,94,0],[93,1,94,1],[93,2,94,2],[93,3,94,3],[93,4,94,4],[91,0,92,0],[91,1,92,1],[91,2,92,2],[91,3,92,3],[91,4,92,4],[89,0,90,0],[89,1,90,1],[89,2,90,2],[89,3,90,3],[89,4,90,4],[86,0,88,0],[86,1,88,1],[86,2,88,2],[86,3,88,3],[86,4,88,4],[84,0,85,0],[84,1,85,1],[84,2,85,2],[84,3,85,3],[84,4,85,4],[81,0,83,0],[81,1,83,1],[81,2,83,2],[81,3,83,3],[81,4,83,4],[78,0,80,0],[78,1,80,1],[78,2,80,2],[78,3,80,3],[78,4,80,4],[76,0,77,0],[76,1,77,1],[76,2,77,2],[76,3,77,3],[76,4,77,4],[74,0,75,0],[74,1,75,1],[74,2,75,2],[74,3,75,3],[74,4,75,4],[71,0,73,0],[71,1,73,1],[71,2,73,2],[71,3,73,3],[71,4,73,4],[68,0,70,0],[68,1,70,1],[68,2,70,2],[68,3,70,3],[68,4,70,4],[65,0,67,0],[65,1,67,1],[65,2,67,2],[65,3,67,3],[65,4,67,4],[63,0,64,0],[63,1,64,1],[63,2,64,2],[63,3,64,3],[63,4,64,4],[61,0,62,0],[61,1,62,1],[61,2,62,2],[61,3,62,3],[61,4,62,4],[59,0,60,0],[59,1,60,1],[59,2,60,2],[59,3,60,3],[59,4,60,4],[57,0,58,0],[57,1,58,1],[57,2,58,2],[57,3,58,3],[57,4,58,4],[54,0,56,0],[54,1,56,1],[54,2,56,2],[54,3,56,3],[54,4,56,4],[51,0,53,0],[51,1,53,1],[51,2,53,2],[51,3,53,3],[51,4,53,4],[47,0,50,0],[47,1,50,1],[47,2,50,2],[47,3,50,3],[47,4,50,4],[43,0,46,0],[43,1,46,1],[43,2,46,2],[43,3,46,3],[43,4,46,4],[41,0,42,0],[41,1,42,1],[41,2,42,2],[41,3,42,3],[41,4,42,4],[39,0,40,0],[39,1,40,1],[39,2,40,2],[39,3,40,3],[39,4,40,4],[37,0,38,0],[37,1,38,1],[37,2,38,2],[37,3,38,3],[37,4,38,4],[35,0,36,0],[35,1,36,1],[35,2,36,2],[35,3,36,3],[35,4,36,4],[33,0,34,0],[33,1,34,1],[33,2,34,2],[33,3,34,3],[33,4,34,4],[31,0,32,0],[31,1,32,1],[31,2,32,2],[31,3,32,3],[31,4,32,4],[29,0,30,0],[29,1,30,1],[29,2,30,2],[29,3,30,3],[29,4,30,4],[27,0,28,0],[27,1,28,1],[27,2,28,2],[27,3,28,3],[27,4,28,4],[25,0,26,0],[25,1,26,1],[25,2,26,2],[25,3,26,3],[25,4,26,4],[21,0,24,0],[21,1,24,1],[21,2,24,2],[21,3,24,3],[21,4,24,4],[19,0,20,0],[19,1,20,1],[19,2,20,2],[19,3,20,3],[19,4,20,4],[16,0,18,0],[16,1,18,1],[16,2,18,2],[16,3,18,3],[16,4,18,4],[13,0,15,0],[13,1,15,1],[13,2,15,2],[13,3,15,3],[13,4,15,4],[11,0,12,0],[11,1,12,1],[11,2,12,2],[11,3,12,3],[11,4,12,4],[8,0,10,0],[8,1,10,1],[8,2,10,2],[8,3,10,3],[8,4,10,4],[5,0,7,0],[5,1,7,1],[5,2,7,2],[5,3,7,3],[5,4,7,4],[3,0,4,0],[3,1,4,1],[3,2,4,2],[3,3,4,3],[3,4,4,4]]}
[]
[]
["N° do Item","Tipo de Item","Item","Unidade de Fornecimento","Valor Unitário Estimado (R$)","UASG","Município/UF de Entrega","Qtde.","Valor total Estimado (R$)"]
[1,"Material","41629-Estabilizador tensão ","Unidade",396.49,"160058 - 32 GRUPO DE ARTILHARIA DE CAMPANHA-MEX/DF","BRASÍLIA/DF",5,{"$f":"E4*H4","v":1982.45}]
[{"$nulls":5},"195006 - CIA DE DESENV. DO VALE DO SAO FRANCISCO-DF","BRASÍLIA/DF",180,{"$f":"E4*H5","v":71368.2}]
[2,"Material","231995-Estabilizador tensão ","Unidade",151.57,"160058 - 32 GRUPO DE ARTILHARIA DE CAMPANHA-MEX/DF","BRASÍLIA/DF",5,{"$f":"E6*H6","v":757.84999999999991}]
[{"$nulls":5},"160083 - ESTABELC.GEN GUSTAVO CORDEIRO FARIAS-MEX-DF","BRASÍLIA/DF",10,{"$f":"E6*H7","v":1515.6999999999998}]
[{"$nulls":5},"195006 - CIA DE DESENV. DO VALE DO SAO FRANCISCO-DF","BRASÍLIA/DF",180,{"$f":"E6*H8","v":27282.6}]
[3,"Material","331262-Estabilizador tensão ","Unidade",368.97,"160058 - 32 GRUPO DE ARTILHARIA DE CAMPANHA-MEX/DF","BRASÍLIA/DF",5,{"$f":"E9*H9","v":1844.8500000000001}]
[{"$nulls":5},"160083 - ESTABELC.GEN GUSTAVO CORDEIRO FARIAS-MEX-DF","BRASÍLIA/DF",4,{"$f":"E9*H10","v":1475.88}]
[{"$nulls":5},"195006 - CIA DE DESENV. DO VALE DO SAO FRANCISCO-DF","BRASÍLIA/DF",50,{"$f":"E9*H11","v":18448.5}]
[4,"Material","429945-Válvula descarga ","Unidade",521.4,"160058 - 32 GRUPO DE ARTILHARIA DE CAMPANHA-MEX/DF","BRASÍLIA/DF",10,{"$f":"E12*H12","v":5214}]
[{"$nulls":5},"195006 - CIA DE DESENV. DO VALE DO SAO FRANCISCO-DF","BRASÍLIA/DF",30,{"$f":"E12*H13","v":15642}]
[5,"Material","411269-Acessório canaleta ","Unidade",9.59,"160058 - 32 GRUPO DE ARTILHARIA DE CAMPANHA-MEX/DF","BRASÍLIA/DF",100,{"$f":"E14*H14","v":959}]
[{"$nulls":5},"160083 - ESTABELC.GEN GUSTAVO CORDEIRO FARIAS-MEX-DF","BRASÍLIA/DF",50,{"$f":"E14*H15","v":479.5}]
[{"$nulls":5},"195006 - CIA DE DESENV. DO VALE DO SAO FRANCISCO-DF","BRASÍLIA/DF",200,{"$f":"E14*H16","v":1918}]
[6,"Material","376467-Adaptador ","Unidade",4.57,"160058 - 32 GRUPO DE ARTILHARIA DE CAMPANHA-MEX/DF","BRASÍLIA/DF",200,{"$f":"E17*H17","v":914}]
[{"$nulls":5},"160083 - ESTABELC.GEN GUSTAVO CORDEIRO FARIAS-MEX-DF","BRASÍLIA/DF",30,{"$f":"E17*H18","v":137.10000000000002}]
[{"$nulls":5},"195006 - CIA DE DESENV. DO VALE DO SAO FRANCISCO-DF","BRASÍLIA/DF",240,{"$f":"E17*H19","v":1096.8000000000002}]
[7,"Material","395739-Adaptador ","Unidade",10.220000000000001,"160058 - 32 GRUPO DE ARTILHARIA DE CAMPANHA-MEX/DF","BRASÍLIA/DF",200,{"$f":"E20*H20","v":2044.0000000000002}]
[{"$nulls":5},"195006 - CIA DE DESENV. DO VALE DO SAO FRANCISCO-DF","BRASÍLIA/DF",240,{"$f":"E20*H21","v":2452.8000000000002}]
[8,"Material","243116-Caixa passagem ","Unidade",2.25,"160058 - 32 GRUPO DE ARTILHARIA DE CAMPANHA-MEX/DF","BRASÍLIA/DF",200,{"$f":"E22*H22","v":450}]
[{"$nulls":5},"160083 - ESTABELC.GEN GUSTAVO CORDEIRO FARIAS-MEX-DF","BRASÍLIA/DF",50,{"$f":"E22*H23","v":112.5}]
[{"$nulls":5},"160091 - CENTRO INTEGRADO DE TELEMATICA DO EXERCITO","BRASÍLIA/DF",20,{"$f":"E22*H24","v":45}]
[{"$nulls":5},"195006 - CIA DE DESENV. DO VALE DO SAO FRANCISCO-DF","BRASÍLIA/DF",144,{"$f":"E22*H25","v":324}]
[9,"Material","288845-Canaleta ","Unidade",4.95,"160058 - 32 GRUPO DE ARTILHARIA DE CAMPANHA-MEX/DF","BRASÍLIA/DF",200,{"$f":"E26*H26","v":990}]
[{"$nulls":5},"195006 - CIA DE DESENV. DO VALE DO SAO FRANCISCO-DF","BRASÍLIA/DF",500,{"$f":"E26*H27","v":2475}]
[10,"Material","333941-Canaleta ","Unidade",24.26,"160058 - 32 GRUPO DE ARTILHARIA DE CAMPANHA-MEX/DF","BRASÍLIA/DF",200,{"$f":"E28*H28","v":4852}]
[{"$nulls":5},"195006 - CIA DE DESENV. DO VALE DO SAO FRANCISCO-DF","BRASÍLIA/DF",250,{"$f":"E28*H29","v":6065}]
[11,"Material","430915-Canaleta ","Unidade",24.96,"160058 - 32 GRUPO DE ARTILHARIA DE CAMPANHA-MEX/DF","BRASÍLIA/DF",200,{"$f":"E30*H30","v":4992}]
[{"$nulls":5},"195006 - CIA DE DESENV. DO VALE DO SAO FRANCISCO-DF","BRASÍLIA/DF",100,{"$f":"E30*H31","v":2496}]
[12,"Material","389689-Canaleta ","Unidade",22.56,"160058 - 32 GRUPO DE ARTILHARIA DE CAMPANHA-MEX/DF","BRASÍLIA/DF",300,{"$f":"E32*H32","v":6768}]
[{"$nulls":5},"195006 - CIA DE DESENV. DO VALE DO SAO FRANCISCO-DF","BRASÍLIA/DF",100,{"$f":"E32*H33","v":2256}]
[13,"Material","428548-Acessório canaleta ","Unidade",1.79,"160058 - 32 GRUPO DE ARTILHARIA DE CAMPANHA-MEX/DF","BRASÍLIA/DF",300,{"$f":"E34*H34","v":537}]
[{"$nulls":5},"195006 - CIA DE DESENV. DO VALE DO SAO FRANCISCO-DF","BRASÍLIA/DF",250,{"$f":"E34*H35","v":447.5}]
[14,"Material","380225-Acessório canaleta ","Unidade",2.25,"160058 - 32 GRUPO DE ARTILHARIA DE CAMPANHA-MEX/DF","BRASÍLIA/DF",300,{"$f":"E36*H36","v":675}]
[{"$nulls":5},"195006 - CIA DE DESENV. DO VALE DO SAO FRANCISCO-DF","BRASÍLIA/DF",250,{"$f":"E36*H37","v":562.5}]
[15,"Material","231487-Derivação ","Unidade",4.49,"160058 - 32 GRUPO DE ARTILHARIA DE CAMPANHA-MEX/DF","BRASÍLIA/DF",300,{"$f":"E38*H38","v":1347}]
[{"$nulls":5},"195006 - CIA DE DESENV. DO VALE DO SAO FRANCISCO-DF","BRASÍLIA/DF",200,{"$f":"E38*H39","v":898}]
[16,"Material","344875-Acessório canaleta ","Unidade",0.98,"160058 - 32 GRUPO DE ARTILHARIA DE CAMPANHA-MEX/DF","BRASÍLIA/DF",300,{"$f":"E40*H40","v":294}]
[{"$nulls":5},"195006 - CIA DE DESENV. DO VALE DO SAO FRANCISCO-DF","BRASÍLIA/DF",200,{"$f":"E40*H41","v":196}]
[17,"Material","244029-Tampão condulete ","Unidade",2.65,"160058 - 32 GRUPO DE ARTILHARIA DE CAMPANHA-MEX/DF","BRASÍLIA/DF",300,{"$f":"E42*H42","v":795}]
[{"$nulls":5},"195006 - CIA DE DESENV. DO VALE DO SAO FRANCISCO-DF","BRASÍLIA/DF",100,{"$f":"E42*H43","v":265}]
[18,"Material","313047-Fita isolante elétrica ","Unidade",8.02,"160058 - 32 GRUPO DE ARTILHARIA DE CAMPANHA-MEX/DF","BRASÍLIA/DF",150,{"$f":"E44*H44","v":1203}]
[{"$nulls":5},"160083 - ESTABELC.GEN GUSTAVO CORDEIRO FARIAS-MEX-DF","BRASÍLIA/DF",50,{"$f":"E44*H45","v":401}]
[{"$nulls":5},"160091 - CENTRO INTEGRADO DE TELEMATICA DO EXERCITO","BRASÍLIA/DF",100,{"$f":"E44*H46","v":802}]
[{"$nulls":5},"195006 - CIA DE DESENV. DO VALE DO SAO FRANCISCO-DF","BRASÍLIA/DF",250,{"$f":"E44*H47","v":2005}]
[19,"Material","355316-Interruptor ","Unidade",16.440000000000001,"160058 - 32 GRUPO DE ARTILHARIA DE CAMPANHA-MEX/DF","BRASÍLIA/DF",150,{"$f":"E48*H48","v":2466}]
[{"$nulls":5},"160083 - ESTABELC.GEN GUSTAVO CORDEIRO FARIAS-MEX-DF","BRASÍLIA/DF",10,{"$f":"E48*H49","v":164.4}]
[{"$nulls":5},"160091 - CENTRO INTEGRADO DE TELEMATICA DO EXERCITO","BRASÍLIA/DF",10,{"$f":"E48*H50","v":164.4}]
[{"$nulls":5},"195006 - CIA DE DESENV. DO VALE DO SAO FRANCISCO-DF","BRASÍLIA/DF",20,{"$f":"E48*H51","v":328.8}]
[20,"Material","337065-Interruptor ","Unidade",21.17,"160058 - 32 GRUPO DE ARTILHARIA DE CAMPANHA-MEX/DF","BRASÍLIA/DF",150,{"$f":"E52*H52","v":3175.5000000000005}]
[{"$nulls":5},"160091 - CENTRO INTEGRADO DE TELEMATICA DO EXERCITO","BRASÍLIA/DF",10,{"$f":"E52*H53","v":211.70000000000002}]
[{"$nulls":5},"195006 - CIA DE DESENV. DO VALE DO SAO FRANCISCO-DF","BRASÍLIA/DF",20,{"$f":"E52*H54","v":423.40000000000003}]
[21,"Material","418691-Interruptor ","Unidade",5.39,"160058 - 32 GRUPO DE ARTILHARIA DE CAMPANHA-MEX/DF","BRASÍLIA/DF",150,{"$f":"E55*H55","v":808.5}]
[{"$nulls":5},"160083 - ESTABELC.GEN GUSTAVO CORDEIRO FARIAS-MEX-DF","BRASÍLIA/DF",10,{"$f":"E55*H56","v":53.9}]
[{"$nulls":5},"195006 - CIA DE DESENV. DO VALE DO SAO FRANCISCO-DF","BRASÍLIA/DF",20,{"$f":"E55*H57","v":107.8}]
[22,"Material","240093-Interruptor ","Unidade",4.5199999999999996,"160058 - 32 GRUPO DE ARTILHARIA DE CAMPANHA-MEX/DF","BRASÍLIA/DF",150,{"$f":"E58*H58","v":677.99999999999989}]
[{"$nulls":5},"195006 - CIA DE DESENV. DO VALE DO SAO FRANCISCO-DF","BRASÍLIA/DF",10,{"$f":"E58*H59","v":45.199999999999996}]
[23,"Material","212380-Interruptor ","Unidade",8.3699999999999992,"160058 - 32 GRUPO DE ARTILHARIA DE CAMPANHA-MEX/DF","BRASÍLIA/DF",150,{"$f":"E60*H60","v":1255.4999999999998}]
[{"$nulls":5},"195006 - CIA DE DESENV. DO VALE DO SAO FRANCISCO-DF","BRASÍLIA/DF",180,{"$f":"E60*H61","v":1506.6}]
[24,"Material","212387-Interruptor ","Unidade",8.0500000000000007,"160058 - 32 GRUPO DE ARTILHARIA DE CAMPANHA-MEX/DF","BRASÍLIA/DF",150,{"$f":"E62*H62","v":1207.5}]
[{"$nulls":5},"195006 - CIA DE DESENV. DO VALE DO SAO FRANCISCO-DF","BRASÍLIA/DF",180,{"$f":"E62*H63","v":1449.0000000000002}]
[25,"Material","331656-Interruptor ","Unidade",14.9,"160058 - 32 GRUPO DE ARTILHARIA DE CAMPANHA-MEX/DF","BRASÍLIA/DF",150,{"$f":"E64*H64","v":2235}]
[{"$nulls":5},"195006 - CIA DE DESENV. DO VALE DO SAO FRANCISCO-DF","BRASÍLIA/DF",120,{"$f":"E64*H65","v":1788}]
[26,"Material","352736-Cabo elétrico flexível ","Bobina 500,00 M",11.23,"160058 - 32 GRUPO DE ARTILHARIA DE CAMPANHA-MEX/DF","BRASÍLIA/DF",50,{"$f":"E66*H66","v":561.5}]
[{"$nulls":5},"160083 - ESTABELC.GEN GUSTAVO CORDEIRO FARIAS-MEX-DF","BRASÍLIA/DF",10,{"$f":"E66*H67","v":112.30000000000001}]
[{"$nulls":5},"195006 - CIA DE DESENV. DO VALE DO SAO FRANCISCO-DF","BRASÍLIA/DF",2000,{"$f":"E66*H68","v":22460}]
[27,"Material","394031-Cabo elétrico flexível ","Rolo 100,00 M",62.93,"160058 - 32 GRUPO DE ARTILHARIA DE CAMPANHA-MEX/DF","BRASÍLIA/DF",50,{"$f":"E69*H69","v":3146.5}]
[{"$nulls":5},"160083 - ESTABELC.GEN GUSTAVO CORDEIRO FARIAS-MEX-DF","BRASÍLIA/DF",5,{"$f":"E69*H70","v":314.64999999999998}]
[{"$nulls":5},"195006 - CIA DE DESENV. DO VALE DO SAO FRANCISCO-DF","BRASÍLIA/DF",8,{"$f":"E69*H71","v":503.44}]
[28,"Material","342939-Cabo elétrico flexível ","Rolo 100,00 M",74.959999999999994,"160058 - 32 GRUPO DE ARTILHARIA DE CAMPANHA-MEX/DF","BRASÍLIA/DF",50,{"$f":"E72*H72","v":3747.9999999999995}]
[{"$nulls":5},"160083 - ESTABELC.GEN GUSTAVO CORDEIRO FARIAS-MEX-DF","BRASÍLIA/DF",20,{"$f":"E72*H73","v":1499.1999999999998}]
[{"$nulls":5},"195006 - CIA DE DESENV. DO VALE DO SAO FRANCISCO-DF","BRASÍLIA/DF",10,{"$f":"E72*H74","v":749.59999999999991}]
[29,"Material","409524-Cabo elétrico flexível ","Rolo 100,00 M",190,"160058 - 32 GRUPO DE ARTILHARIA DE CAMPANHA-MEX/DF","BRASÍLIA/DF",50,{"$f":"E75*H75","v":9500}]
[{"$nulls":5},"195006 - CIA DE DESENV. DO VALE DO SAO FRANCISCO-DF","BRASÍLIA/DF",8,{"$f":"E75*H76","v":1520}]
[30,"Material","332928-Cabo elétrico flexível ","Metro",2.68,"160058 - 32 GRUPO DE ARTILHARIA DE CAMPANHA-MEX/DF","BRASÍLIA/DF",1000,{"$f":"E77*H77","v":2680}]
[{"$nulls":5},"195006 - CIA DE DESENV. DO VALE DO SAO FRANCISCO-DF","BRASÍLIA/DF",1000,{"$f":"E77*H78","v":2680}]
[31,"Material","389765-Cabo rede computador ","Caixa 305,00 M",357.85,"160058 - 32 GRUPO DE ARTILHARIA DE CAMPANHA-MEX/DF","BRASÍLIA/DF",50,{"$f":"E79*H79","v":17892.5}]
[{"$nulls":5},"160083 - ESTABELC.GEN GUSTAVO CORDEIRO FARIAS-MEX-DF","BRASÍLIA/DF",4,{"$f":"E79*H80","v":1431.4}]
[{"$nulls":5},"195006 - CIA DE DESENV. DO VALE DO SAO FRANCISCO-DF","BRASÍLIA/DF",10,{"$f":"E79*H81","v":3578.5}]
[32,"Material","239472-Fio eletrico ","Rolo 100,00 M",95,"160058 - 32 GRUPO DE ARTILHARIA DE CAMPANHA-MEX/DF","BRASÍLIA/DF",50,{"$f":"E82*H82","v":4750}]
[{"$nulls":5},"160083 - ESTABELC.GEN GUSTAVO CORDEIRO FARIAS-MEX-DF","BRASÍLIA/DF",5,{"$f":"E82*H83","v":475}]
[{"$nulls":5},"195006 - CIA DE DESENV. DO VALE DO SAO FRANCISCO-DF","BRASÍLIA/DF",12,{"$f":"E82*H84","v":1140}]
[33,"Material","238853-Fio eletrico ","Rolo 100,00 M",409.9,"160058 - 32 GRUPO DE ARTILHARIA DE CAMPANHA-MEX/DF","BRASÍLIA/DF",50,{"$f":"E85*H85","v":20495}]
[{"$nulls":5},"195006 - CIA DE DESENV. DO VALE DO SAO FRANCISCO-DF","BRASÍLIA/DF",12,{"$f":"E85*H86","v":4918.7999999999993}]
[34,"Material","224596-Fio eletrico ","Rolo 100,00 M",56,"160058 - 32 GRUPO DE ARTILHARIA DE CAMPANHA-MEX/DF","BRASÍLIA/DF",100,{"$f":"E87*H87","v":5600}]
[{"$nulls":5},"160083 - ESTABELC.GEN GUSTAVO CORDEIRO FARIAS-MEX-DF","BRASÍLIA/DF",10,{"$f":"E87*H88","v":560}]
[{"$nulls":5},"195006 - CIA DE DESENV. DO VALE DO SAO FRANCISCO-DF","BRASÍLIA/DF",180,{"$f":"E87*H89","v":10080}]
[35,"Material","224597-Fio eletrico ","Rolo 100,00 M",144,"160058 - 32 GRUPO DE ARTILHARIA DE CAMPANHA-MEX/DF","BRASÍLIA/DF",50,{"$f":"E90*H90","v":7200}]
[{"$nulls":5},"195006 - CIA DE DESENV. DO VALE DO SAO FRANCISCO-DF","BRASÍLIA/DF",24,{"$f":"E90*H91","v":3456}]
[36,"Material","261260-Lâmpada fluorescente compacta ","Unidade",9.2100000000000009,"160058 - 32 GRUPO DE ARTILHARIA DE CAMPANHA-MEX/DF","BRASÍLIA/DF",150,{"$f":"E92*H92","v":1381.5000000000002}]
[{"$nulls":5},"195006 - CIA DE DESENV. DO VALE DO SAO FRANCISCO-DF","BRASÍLIA/DF",180,{"$f":"E92*H93","v":1657.8000000000002}]
[37,"Material","245112-Lâmpada fluorescente compacta ","Unidade",15.54,"160058 - 32 GRUPO DE ARTILHARIA DE CAMPANHA-MEX/DF","BRASÍLIA/DF",150,{"$f":"E94*H94","v":2331}]
[{"$nulls":5},"195006 - CIA DE DESENV. DO VALE DO SAO FRANCISCO-DF","BRASÍLIA/DF",60,{"$f":"E94*H95","v":932.4}]
[38,"Material","349219-Lâmpada fluorescente compacta ","Unidade",27.7,"160058 - 32 GRUPO DE ARTILHARIA DE CAMPANHA-MEX/DF","BRASÍLIA/DF",150,{"$f":"E96*H96","v":4155}]
[{"$nulls":5},"160083 - ESTABELC.GEN GUSTAVO CORDEIRO FARIAS-MEX-DF","BRASÍLIA/DF",50,{"$f":"E96*H97","v":1385}]
[{"$nulls":5},"195006 - CIA DE DESENV. DO VALE DO SAO FRANCISCO-DF","BRASÍLIA/DF",120,{"$f":"E96*H98","v":3324}]
[39,"Material","234117-Lâmpada fluorescente ","Unidade",31.87,"160058 - 32 GRUPO DE ARTILHARIA DE CAMPANHA-MEX/DF","BRASÍLIA/DF",150,{"$f":"E99*H99","v":4780.5}]
[{"$nulls":5},"195006 - CIA DE DESENV. DO VALE DO SAO FRANCISCO-DF","BRASÍLIA/DF",500,{"$f":"E99*H100","v":15935}]
[40,"Material","256287-Lâmpada fluorescente ","Unidade",9.56,"160058 - 32 GRUPO DE ARTILHARIA DE CAMPANHA-MEX/DF","BRASÍLIA/DF",150,{"$f":"E101*H101","v":1434}]
[{"$nulls":5},"195006 - CIA DE DESENV. DO VALE DO SAO FRANCISCO-DF","BRASÍLIA/DF",500,{"$f":"E101*H102","v":4780}]
[41,"Material","232988-Lâmpada fluorescente ","Unidade",7.04,"160058 - 32 GRUPO DE ARTILHARIA DE CAMPANHA-MEX/DF","BRASÍLIA/DF",150,{"$f":"E103*H103","v":1056}]
[{"$nulls":5},"195006 - CIA DE DESENV. DO VALE DO SAO FRANCISCO-DF","BRASÍLIA/DF",500,{"$f":"E103*H104","v":3520}]
[42,"Material","150260-Luminária ","Unidade",60.62,"160058 - 32 GRUPO DE ARTILHARIA DE CAMPANHA-MEX/DF","BRASÍLIA/DF",150,{"$f":"E105*H105","v":9093}]
[{"$nulls":5},"195006 - CIA DE DESENV. DO VALE DO SAO FRANCISCO-DF","BRASÍLIA/DF",10,{"$f":"E105*H106","v":606.19999999999993}]
[43,"Material","441137-Lâmpada led ","Unidade",44.73,"160058 - 32 GRUPO DE ARTILHARIA DE CAMPANHA-MEX/DF","BRASÍLIA/DF",150,{"$f":"E107*H107","v":6709.4999999999991}]
[{"$nulls":5},"160083 - ESTABELC.GEN GUSTAVO CORDEIRO FARIAS-MEX-DF","BRASÍLIA/DF",30,{"$f":"E107*H108","v":1341.8999999999999}]
[{"$nulls":5},"195006 - CIA DE DESENV. DO VALE DO SAO FRANCISCO-DF","BRASÍLIA/DF",200,{"$f":"E107*H109","v":8946}]
[44,"Material","435130-Lâmpada led ","Unidade",7.34,"160058 - 32 GRUPO DE ARTILHARIA DE CAMPANHA-MEX/DF","BRASÍLIA/DF",150,{"$f":"E110*H110","v":1101}]
[{"$nulls":5},"195006 - CIA DE DESENV. DO VALE DO SAO FRANCISCO-DF","BRASÍLIA/DF",50,{"$f":"E110*H111","v":367}]
[45,"Material","446038-Lâmpada led ","Unidade",6.42,"160058 - 32 GRUPO DE ARTILHARIA DE CAMPANHA-MEX/DF","BRASÍLIA/DF",150,{"$f":"E112*H112","v":963}]
[{"$nulls":5},"195006 - CIA DE DESENV. DO VALE DO SAO FRANCISCO-DF","BRASÍLIA/DF",200,{"$f":"E112*H113","v":1284}]
[46,"Material","437224-Lâmpada led ","Unidade",13,"160058 - 32 GRUPO DE ARTILHARIA DE CAMPANHA-MEX/DF","BRASÍLIA/DF",150,{"$f":"E114*H114","v":1950}]
[{"$nulls":5},"160083 - ESTABELC.GEN GUSTAVO CORDEIRO FARIAS-MEX-DF","BRASÍLIA/DF",50,{"$f":"E114*H115","v":650}]
[{"$nulls":5},"195006 - CIA DE DESENV. DO VALE DO SAO FRANCISCO-DF","BRASÍLIA/DF",840,{"$f":"E114*H116","v":10920}]
[47,"Material","399271-Luz emergência ","Unidade",11.61,"160058 - 32 GRUPO DE ARTILHARIA DE CAMPANHA-MEX/DF","BRASÍLIA/DF",150,{"$f":"E117*H117","v":1741.5}]
[{"$nulls":5},"160083 - ESTABELC.GEN GUSTAVO CORDEIRO FARIAS-MEX-DF","BRASÍLIA/DF",30,{"$f":"E117*H118","v":348.29999999999995}]
[{"$nulls":5},"195006 - CIA DE DESENV. DO VALE DO SAO FRANCISCO-DF","BRASÍLIA/DF",60,{"$f":"E117*H119","v":696.59999999999991}]
[48,"Material","446036-Lâmpada led ","Unidade",8.66,"160058 - 32 GRUPO DE ARTILHARIA DE CAMPANHA-MEX/DF","BRASÍLIA/DF",150,{"$f":"E120*H120","v":1299}]
[{"$nulls":5},"195006 - CIA DE DESENV. DO VALE DO SAO FRANCISCO-DF","BRASÍLIA/DF",50,{"$f":"E120*H121","v":433}]
[49,"Material","441015-Lâmpada led ","Unidade",53.94,"160058 - 32 GRUPO DE ARTILHARIA DE CAMPANHA-MEX/DF","BRASÍLIA/DF",150,{"$f":"E122*H122","v":8091}]
[{"$nulls":5},"195006 - CIA DE DESENV. DO VALE DO SAO FRANCISCO-DF","BRASÍLIA/DF",840,{"$f":"E122*H123","v":45309.599999999999}]
[50,"Material","437582-Lâmpada led ","Unidade",9.4,"160058 - 32 GRUPO DE ARTILHARIA DE CAMPANHA-MEX/DF","BRASÍLIA/DF",150,{"$f":"E124*H124","v":1410}]
[{"$nulls":5},"160091 - CENTRO INTEGRADO DE TELEMATICA DO EXERCITO","BRASÍLIA/DF",50,{"$f":"E124*H125","v":470}]
[{"$nulls":5},"195006 - CIA DE DESENV. DO VALE DO SAO FRANCISCO-DF","BRASÍLIA/DF",840,{"$f":"E124*H126","v":7896}]
[51,"Material","434161-Refletor ","Unidade",75,"160058 - 32 GRUPO DE ARTILHARIA DE CAMPANHA-MEX/DF","BRASÍLIA/DF",150,{"$f":"E127*H127","v":11250}]
[{"$nulls":5},"160083 - ESTABELC.GEN GUSTAVO CORDEIRO FARIAS-MEX-DF","BRASÍLIA/DF",10,{"$f":"E127*H128","v":750}]
[{"$nulls":5},"160091 - CENTRO INTEGRADO DE TELEMATICA DO EXERCITO","BRASÍLIA/DF",50,{"$f":"E127*H129","v":3750}]
[{"$nulls":5},"195006 - CIA DE DESENV. DO VALE DO SAO FRANCISCO-DF","BRASÍLIA/DF",50,{"$f":"E127*H130","v":3750}]
[52,"Material","360131-Refletor ","Unidade",40.57,"160058 - 32 GRUPO DE ARTILHARIA DE CAMPANHA-MEX/DF","BRASÍLIA/DF",150,{"$f":"E131*H131","v":6085.5}]
[{"$nulls":5},"195006 - CIA DE DESENV. DO VALE DO SAO FRANCISCO-DF","BRASÍLIA/DF",50,{"$f":"E131*H132","v":2028.5}]
[53,"Material","434160-Refletor ","Unidade",38.9,"160058 - 32 GRUPO DE ARTILHARIA DE CAMPANHA-MEX/DF","BRASÍLIA/DF",150,{"$f":"E133*H133","v":5835}]
[{"$nulls":5},"160083 - ESTABELC.GEN GUSTAVO CORDEIRO FARIAS-MEX-DF","BRASÍLIA/DF",10,{"$f":"E133*H134","v":389}]
[{"$nulls":5},"195006 - CIA DE DESENV. DO VALE DO SAO FRANCISCO-DF","BRASÍLIA/DF",50,{"$f":"E133*H135","v":1945}]
[54,"Material","434162-Refletor ","Unidade",193.33,"160058 - 32 GRUPO DE ARTILHARIA DE CAMPANHA-MEX/DF","BRASÍLIA/DF",150,{"$f":"E136*H136","v":28999.500000000004}]
[{"$nulls":5},"195006 - CIA DE DESENV. DO VALE DO SAO FRANCISCO-DF","BRASÍLIA/DF",50,{"$f":"E136*H137","v":9666.5}]
[55,"Material","364621-Soquete lâmpada fluorescente ","Unidade",3.52,"160058 - 32 GRUPO DE ARTILHARIA DE CAMPANHA-MEX/DF","BRASÍLIA/DF",100,{"$f":"E138*H138","v":352}]
[{"$nulls":5},"195006 - CIA DE DESENV. DO VALE DO SAO FRANCISCO-DF","BRASÍLIA/DF",1000,{"$f":"E138*H139","v":3520}]
[56,"Material","375077-Tomada ","Unidade",23,"160058 - 32 GRUPO DE ARTILHARIA DE CAMPANHA-MEX/DF","BRASÍLIA/DF",100,{"$f":"E140*H140","v":2300}]
[{"$nulls":5},"160083 - ESTABELC.GEN GUSTAVO CORDEIRO FARIAS-MEX-DF","BRASÍLIA/DF",50,{"$f":"E140*H141","v":1150}]
[{"$nulls":5},"195006 - CIA DE DESENV. DO VALE DO SAO FRANCISCO-DF","BRASÍLIA/DF",400,{"$f":"E140*H142","v":9200}]
[57,"Material","367204-Limpador contato elétrico,eletrônico ","Unidade",17.899999999999999,"160058 - 32 GRUPO DE ARTILHARIA DE CAMPANHA-MEX/DF","BRASÍLIA/DF",50,{"$f":"E143*H143","v":894.99999999999989}]
[{"$nulls":5},"195006 - CIA DE DESENV. DO VALE DO SAO FRANCISCO-DF","BRASÍLIA/DF",5,{"$f":"E143*H144","v":89.5}]
[58,"Material","421088-Filtro linha ","Unidade",22.54,"160058 - 32 GRUPO DE ARTILHARIA DE CAMPANHA-MEX/DF","BRASÍLIA/DF",50,{"$f":"E145*H145","v":1127}]
[{"$nulls":5},"160091 - CENTRO INTEGRADO DE TELEMATICA DO EXERCITO","BRASÍLIA/DF",20,{"$f":"E145*H146","v":450.79999999999995}]
[{"$nulls":5},"195006 - CIA DE DESENV. DO VALE DO SAO FRANCISCO-DF","BRASÍLIA/DF",50,{"$f":"E145*H147","v":1127}]
[59,"Material","291227-Filtro linha ","Unidade",19.52,"160058 - 32 GRUPO DE ARTILHARIA DE CAMPANHA-MEX/DF","BRASÍLIA/DF",50,{"$f":"E148*H148","v":976}]
[{"$nulls":5},"160091 - CENTRO INTEGRADO DE TELEMATICA DO EXERCITO","BRASÍLIA/DF",30,{"$f":"E148*H149","v":585.6}]
[{"$nulls":5},"195006 - CIA DE DESENV. DO VALE DO SAO FRANCISCO-DF","BRASÍLIA/DF",72,{"$f":"E148*H150","v":1405.44}]
[60,"Material","64831-Reator lâmpada ","Unidade",13.85,"160058 - 32 GRUPO DE ARTILHARIA DE CAMPANHA-MEX/DF","BRASÍLIA/DF",50,{"$f":"E151*H151","v":692.5}]
[{"$nulls":5},"195006 - CIA DE DESENV. DO VALE DO SAO FRANCISCO-DF","BRASÍLIA/DF",180,{"$f":"E151*H152","v":2493}]
[61,"Material","240105-Reator lâmpada ","Unidade",84.55,"160058 - 32 GRUPO DE ARTILHARIA DE CAMPANHA-MEX/DF","BRASÍLIA/DF",50,{"$f":"E153*H153","v":4227.5}]
[{"$nulls":5},"195006 - CIA DE DESENV. DO VALE DO SAO FRANCISCO-DF","BRASÍLIA/DF",300,{"$f":"E153*H154","v":25365}]
[62,"Material","418057-Reator lâmpada fluorescente ","Unidade",11,"160058 - 32 GRUPO DE ARTILHARIA DE CAMPANHA-MEX/DF","BRASÍLIA/DF",50,{"$f":"E155*H155","v":550}]
[{"$nulls":5},"195006 - CIA DE DESENV. DO VALE DO SAO FRANCISCO-DF","BRASÍLIA/DF",180,{"$f":"E155*H156","v":1980}]
[63,"Material","405815-Reator lâmpada fluorescente ","Unidade",16.54,"160058 - 32 GRUPO DE ARTILHARIA DE CAMPANHA-MEX/DF","BRASÍLIA/DF",50,{"$f":"E157*H157","v":827}]
[{"$nulls":5},"195006 - CIA DE DESENV. DO VALE DO SAO FRANCISCO-DF","BRASÍLIA/DF",340,{"$f":"E157*H158","v":5623.5999999999995}]
[64,"Material","405814-Reator lâmpada fluorescente ","Unidade",17.79,"160058 - 32 GRUPO DE ARTILHARIA DE CAMPANHA-MEX/DF","BRASÍLIA/DF",50,{"$f":"E159*H159","v":889.5}]
[{"$nulls":5},"195006 - CIA DE DESENV. DO VALE DO SAO FRANCISCO-DF","BRASÍLIA/DF",340,{"$f":"E159*H160","v":6048.5999999999995}]
[65,"Material","234935-Receptáculo lâmpada ","Unidade",1.57,"160058 - 32 GRUPO DE ARTILHARIA DE CAMPANHA-MEX/DF","BRASÍLIA/DF",50,{"$f":"E161*H161","v":78.5}]
[{"$nulls":5},"195006 - CIA DE DESENV. DO VALE DO SAO FRANCISCO-DF","BRASÍLIA/DF",1000,{"$f":"E161*H162","v":1570}]
[66,"Material","232601-Adesivo conexão hidráulica ","Frasco 175,00 G",10.1,"160058 - 32 GRUPO DE ARTILHARIA DE CAMPANHA-MEX/DF","BRASÍLIA/DF",100,{"$f":"E163*H163","v":1010}]
[{"$nulls":5},"160083 - ESTABELC.GEN GUSTAVO CORDEIRO FARIAS-MEX-DF","BRASÍLIA/DF",10,{"$f":"E163*H164","v":101}]
[{"$nulls":5},"160091 - CENTRO INTEGRADO DE TELEMATICA DO EXERCITO","BRASÍLIA/DF",15,{"$f":"E163*H165","v":151.5}]
[{"$nulls":5},"195006 - CIA DE DESENV. DO VALE DO SAO FRANCISCO-DF","BRASÍLIA/DF",20,{"$f":"E163*H166","v":202}]
[67,"Material","243136-Conexão hidráulica ","Unidade",1.34,"160058 - 32 GRUPO DE ARTILHARIA DE CAMPANHA-MEX/DF","BRASÍLIA/DF",150,{"$f":"E167*H167","v":201}]
[{"$nulls":5},"195006 - CIA DE DESENV. DO VALE DO SAO FRANCISCO-DF","BRASÍLIA/DF",50,{"$f":"E167*H168","v":67}]
[68,"Material","243137-Conexão hidráulica ","Unidade",1.55,"160058 - 32 GRUPO DE ARTILHARIA DE CAMPANHA-MEX/DF","BRASÍLIA/DF",150,{"$f":"E169*H169","v":232.5}]
[{"$nulls":5},"195006 - CIA DE DESENV. DO VALE DO SAO FRANCISCO-DF","BRASÍLIA/DF",50,{"$f":"E169*H170","v":77.5}]
[69,"Material","346838-Tê - conexão para tubos e canos - soldável ","Unidade",2.52,"160058 - 32 GRUPO DE ARTILHARIA DE CAMPANHA-MEX/DF","BRASÍLIA/DF",150,{"$f":"E171*H171","v":378}]
[{"$nulls":5},"195006 - CIA DE DESENV. DO VALE DO SAO FRANCISCO-DF","BRASÍLIA/DF",50,{"$f":"E171*H172","v":126}]
[70,"Material","346837-Tê - conexão para tubos e canos - soldável ","Unidade",3.68,"160058 - 32 GRUPO DE ARTILHARIA DE CAMPANHA-MEX/DF","BRASÍLIA/DF",150,{"$f":"E173*H173","v":552}]
[{"$nulls":5},"160091 - CENTRO INTEGRADO DE TELEMATICA DO EXERCITO","BRASÍLIA/DF",30,{"$f":"E173*H174","v":110.4}]
[{"$nulls":5},"195006 - CIA DE DESENV. DO VALE DO SAO FRANCISCO-DF","BRASÍLIA/DF",50,{"$f":"E173*H175","v":184}]
[71,"Material","295430-Conexão hidráulica ","Unidade",1.22,"160058 - 32 GRUPO DE ARTILHARIA DE CAMPANHA-MEX/DF","BRASÍLIA/DF",150,{"$f":"E176*H176","v":183}]
[{"$nulls":5},"160083 - ESTABELC.GEN GUSTAVO CORDEIRO FARIAS-MEX-DF","BRASÍLIA/DF",20,{"$f":"E176*H177","v":24.4}]
[{"$nulls":5},"195006 - CIA DE DESENV. DO VALE DO SAO FRANCISCO-DF","BRASÍLIA/DF",50,{"$f":"E176*H178","v":61}]
[72,"Material","290182-Conexão hidráulica ","Unidade",1.53,"160058 - 32 GRUPO DE ARTILHARIA DE CAMPANHA-MEX/DF","BRASÍLIA/DF",150,{"$f":"E179*H179","v":229.5}]
[{"$nulls":5},"160083 - ESTABELC.GEN GUSTAVO CORDEIRO FARIAS-MEX-DF","BRASÍLIA/DF",50,{"$f":"E179*H180","v":76.5}]
[{"$nulls":5},"195006 - CIA DE DESENV. DO VALE DO SAO FRANCISCO-DF","BRASÍLIA/DF",50,{"$f":"E179*H181","v":76.5}]
[73,"Material","39144-Luva conexão ","Unidade",8.3000000000000007,"160058 - 32 GRUPO DE ARTILHARIA DE CAMPANHA-MEX/DF","BRASÍLIA/DF",150,{"$f":"E182*H182","v":1245}]
[{"$nulls":5},"160083 - ESTABELC.GEN GUSTAVO CORDEIRO FARIAS-MEX-DF","BRASÍLIA/DF",10,{"$f":"E182*H183","v":83}]
[{"$nulls":5},"195006 - CIA DE DESENV. DO VALE DO SAO FRANCISCO-DF","BRASÍLIA/DF",50,{"$f":"E182*H184","v":415.00000000000006}]
[74,"Material","227725-Luva conexão ","Unidade",2.81,"160058 - 32 GRUPO DE ARTILHARIA DE CAMPANHA-MEX/DF","BRASÍLIA/DF",150,{"$f":"E185*H185","v":421.5}]
[{"$nulls":5},"160083 - ESTABELC.GEN GUSTAVO CORDEIRO FARIAS-MEX-DF","BRASÍLIA/DF",30,{"$f":"E185*H186","v":84.3}]
[{"$nulls":5},"160091 - CENTRO INTEGRADO DE TELEMATICA DO EXERCITO","BRASÍLIA/DF",20,{"$f":"E185*H187","v":56.2}]
[{"$nulls":5},"195006 - CIA DE DESENV. DO VALE DO SAO FRANCISCO-DF","BRASÍLIA/DF",50,{"$f":"E185*H188","v":140.5}]
[75,"Material","301441-Engate hidráulico ","Unidade",2.35,"160058 - 32 GRUPO DE ARTILHARIA DE CAMPANHA-MEX/DF","BRASÍLIA/DF",150,{"$f":"E189*H189","v":352.5}]
[{"$nulls":5},"195006 - CIA DE DESENV. DO VALE DO SAO FRANCISCO-DF","BRASÍLIA/DF",50,{"$f":"E189*H190","v":117.5}]
[76,"Material","225707-Fita veda rosca ","Unidade",4.6500000000000004,"160058 - 32 GRUPO DE ARTILHARIA DE CAMPANHA-MEX/DF","BRASÍLIA/DF",150,{"$f":"E191*H191","v":697.5}]
[{"$nulls":5},"160083 - ESTABELC.GEN GUSTAVO CORDEIRO FARIAS-MEX-DF","BRASÍLIA/DF",20,{"$f":"E191*H192","v":93}]
[{"$nulls":5},"195006 - CIA DE DESENV. DO VALE DO SAO FRANCISCO-DF","BRASÍLIA/DF",50,{"$f":"E191*H193","v":232.50000000000003}]
[77,"Material","249993-Tubo pvc soldável ","Unidade",42.66,"160058 - 32 GRUPO DE ARTILHARIA DE CAMPANHA-MEX/DF","BRASÍLIA/DF",150,{"$f":"E194*H194","v":6398.9999999999991}]
[{"$nulls":5},"195006 - CIA DE DESENV. DO VALE DO SAO FRANCISCO-DF","BRASÍLIA/DF",10,{"$f":"E194*H195","v":426.59999999999997}]
[78,"Material","396867-Tubo pvc soldável ","Unidade",24.8,"160058 - 32 GRUPO DE ARTILHARIA DE CAMPANHA-MEX/DF","BRASÍLIA/DF",150,{"$f":"E196*H196","v":3720}]
[{"$nulls":5},"160083 - ESTABELC.GEN GUSTAVO CORDEIRO FARIAS-MEX-DF","BRASÍLIA/DF",10,{"$f":"E196*H197","v":248}]
[{"$nulls":5},"195006 - CIA DE DESENV. DO VALE DO SAO FRANCISCO-DF","BRASÍLIA/DF",10,{"$f":"E196*H198","v":248}]
[79,"Material","240480-Tubo pvc soldável ","Unidade",10.68,"160058 - 32 GRUPO DE ARTILHARIA DE CAMPANHA-MEX/DF","BRASÍLIA/DF",150,{"$f":"E199*H199","v":1602}]
[{"$nulls":5},"160083 - ESTABELC.GEN GUSTAVO CORDEIRO FARIAS-MEX-DF","BRASÍLIA/DF",20,{"$f":"E199*H200","v":213.6}]
[{"$nulls":5},"160091 - CENTRO INTEGRADO DE TELEMATICA DO EXERCITO","BRASÍLIA/DF",10,{"$f":"E199*H201","v":106.8}]
[{"$nulls":5},"195006 - CIA DE DESENV. DO VALE DO SAO FRANCISCO-DF","BRASÍLIA/DF",10,{"$f":"E199*H202","v":106.8}]
[80,"Material","214733-Tubo pvc soldável ","Unidade",25.8,"160058 - 32 GRUPO DE ARTILHARIA DE CAMPANHA-MEX/DF","BRASÍLIA/DF",150,{"$f":"E203*H203","v":3870}]
[{"$nulls":5},"195006 - CIA DE DESENV. DO VALE DO SAO FRANCISCO-DF","BRASÍLIA/DF",10,{"$f":"E203*H204","v":258}]
[81,"Material","75469-Tubo pvc soldável ","Unidade",11.66,"160058 - 32 GRUPO DE ARTILHARIA DE CAMPANHA-MEX/DF","BRASÍLIA/DF",150,{"$f":"E205*H205","v":1749}]
[{"$nulls":5},"195006 - CIA DE DESENV. DO VALE DO SAO FRANCISCO-DF","BRASÍLIA/DF",10,{"$f":"E205*H206","v":116.6}]
[82,"Material","235936-Anticorrosivo ","Unidade",26.1,"160058 - 32 GRUPO DE ARTILHARIA DE CAMPANHA-MEX/DF","BRASÍLIA/DF",50,{"$f":"E207*H207","v":1305}]
[{"$nulls":5},"160083 - ESTABELC.GEN GUSTAVO CORDEIRO FARIAS-MEX-DF","BRASÍLIA/DF",10,{"$f":"E207*H208","v":261}]
[{"$nulls":5},"195006 - CIA DE DESENV. DO VALE DO SAO FRANCISCO-DF","BRASÍLIA/DF",50,{"$f":"E207*H209","v":1305}]
[83,"Material","231471-Argamassa ","Saco 20,00 KG",18.5,"160058 - 32 GRUPO DE ARTILHARIA DE CAMPANHA-MEX/DF","BRASÍLIA/DF",500,{"$f":"E210*H210","v":9250}]
[{"$nulls":5},"160083 - ESTABELC.GEN GUSTAVO CORDEIRO FARIAS-MEX-DF","BRASÍLIA/DF",20,{"$f":"E210*H211","v":370}]
[{"$nulls":5},"195006 - CIA DE DESENV. DO VALE DO SAO FRANCISCO-DF","BRASÍLIA/DF",10,{"$f":"E210*H212","v":185}]
[84,"Material","304782-Ducha higiênica ","Unidade",41.5,"160058 - 32 GRUPO DE ARTILHARIA DE CAMPANHA-MEX/DF","BRASÍLIA/DF",150,{"$f":"E213*H213","v":6225}]
[{"$nulls":5},"195006 - CIA DE DESENV. DO VALE DO SAO FRANCISCO-DF","BRASÍLIA/DF",40,{"$f":"E213*H214","v":1660}]
[85,"Material","325013-Massa calafetar ","Embalagem 350,00 G",8.5,"160058 - 32 GRUPO DE ARTILHARIA DE CAMPANHA-MEX/DF","BRASÍLIA/DF",50,{"$f":"E215*H215","v":425}]
[{"$nulls":5},"160083 - ESTABELC.GEN GUSTAVO CORDEIRO FARIAS-MEX-DF","BRASÍLIA/DF",10,{"$f":"E215*H216","v":85}]
[{"$nulls":5},"195006 - CIA DE DESENV. DO VALE DO SAO FRANCISCO-DF","BRASÍLIA/DF",25,{"$f":"E215*H217","v":212.5}]
[86,"Material","30651-Removedor tinta ","Lata 5,00 L",45,"160058 - 32 GRUPO DE ARTILHARIA DE CAMPANHA-MEX/DF","BRASÍLIA/DF",100,{"$f":"E218*H218","v":4500}]
[{"$nulls":5},"160083 - ESTABELC.GEN GUSTAVO CORDEIRO FARIAS-MEX-DF","BRASÍLIA/DF",20,{"$f":"E218*H219","v":900}]
[{"$nulls":5},"195006 - CIA DE DESENV. DO VALE DO SAO FRANCISCO-DF","BRASÍLIA/DF",10,{"$f":"E218*H220","v":450}]
[87,"Material","301252-Reparo válvula hidráulica ","Unidade",63,"160058 - 32 GRUPO DE ARTILHARIA DE CAMPANHA-MEX/DF","BRASÍLIA/DF",100,{"$f":"E221*H221","v":6300}]
[{"$nulls":5},"195006 - CIA DE DESENV. DO VALE DO SAO FRANCISCO-DF","BRASÍLIA/DF",50,{"$f":"E221*H222","v":3150}]
[88,"Material","283959-Reparo válvula hidráulica ","Unidade",14.79,"160058 - 32 GRUPO DE ARTILHARIA DE CAMPANHA-MEX/DF","BRASÍLIA/DF",100,{"$f":"E223*H223","v":1479}]
[{"$nulls":5},"195006 - CIA DE DESENV. DO VALE DO SAO FRANCISCO-DF","BRASÍLIA/DF",30,{"$f":"E223*H224","v":443.7}]
[89,"Material","258317-Assento vaso sanitário ","Unidade",20.7,"160058 - 32 GRUPO DE ARTILHARIA DE CAMPANHA-MEX/DF","BRASÍLIA/DF",100,{"$f":"E225*H225","v":2070}]
[{"$nulls":5},"160083 - ESTABELC.GEN GUSTAVO CORDEIRO FARIAS-MEX-DF","BRASÍLIA/DF",10,{"$f":"E225*H226","v":207}]
[{"$nulls":5},"195006 - CIA DE DESENV. DO VALE DO SAO FRANCISCO-DF","BRASÍLIA/DF",10,{"$f":"E225*H227","v":207}]
[90,"Material","38342-Chuveiro elétrico ","Unidade",50.8,"160058 - 32 GRUPO DE ARTILHARIA DE CAMPANHA-MEX/DF","BRASÍLIA/DF",100,{"$f":"E228*H228","v":5080}]
[{"$nulls":5},"160083 - ESTABELC.GEN GUSTAVO CORDEIRO FARIAS-MEX-DF","BRASÍLIA/DF",20,{"$f":"E228*H229","v":1016}]
[{"$nulls":5},"195006 - CIA DE DESENV. DO VALE DO SAO FRANCISCO-DF","BRASÍLIA/DF",5,{"$f":"E228*H230","v":254}]
[91,"Material","214147-Mangueira jardim ","Rolo 50,00 M",234.61,"160058 - 32 GRUPO DE ARTILHARIA DE CAMPANHA-MEX/DF","BRASÍLIA/DF",20,{"$f":"E231*H231","v":4692.2000000000007}]
[{"$nulls":5},"160083 - ESTABELC.GEN GUSTAVO CORDEIRO FARIAS-MEX-DF","BRASÍLIA/DF",4,{"$f":"E231*H232","v":938.44}]
[{"$nulls":5},"195006 - CIA DE DESENV. DO VALE DO SAO FRANCISCO-DF","BRASÍLIA/DF",10,{"$f":"E231*H233","v":2346.1000000000004}]
[92,"Material","287999-Porta-papel higiênico ","Unidade",21.89,"160058 - 32 GRUPO DE ARTILHARIA DE CAMPANHA-MEX/DF","BRASÍLIA/DF",80,{"$f":"E234*H234","v":1751.2}]
[{"$nulls":5},"195006 - CIA DE DESENV. DO VALE DO SAO FRANCISCO-DF","BRASÍLIA/DF",150,{"$f":"E234*H235","v":3283.5}]
[93,"Material","330354-Porta-toalha ","Unidade",31.82,"160058 - 32 GRUPO DE ARTILHARIA DE CAMPANHA-MEX/DF","BRASÍLIA/DF",80,{"$f":"E236*H236","v":2545.6}]
[{"$nulls":5},"195006 - CIA DE DESENV. DO VALE DO SAO FRANCISCO-DF","BRASÍLIA/DF",150,{"$f":"E236*H237","v":4773}]
[94,"Material","150971-Refil ","Unidade",72.5,"160058 - 32 GRUPO DE ARTILHARIA DE CAMPANHA-MEX/DF","BRASÍLIA/DF",80,{"$f":"E238*H238","v":5800}]
[{"$nulls":5},"195006 - CIA DE DESENV. DO VALE DO SAO FRANCISCO-DF","BRASÍLIA/DF",160,{"$f":"E238*H239","v":11600}]
[95,"Material","340311-Refil ","Unidade",27.9,"160058 - 32 GRUPO DE ARTILHARIA DE CAMPANHA-MEX/DF","BRASÍLIA/DF",80,{"$f":"E240*H240","v":2232}]
[{"$nulls":5},"195006 - CIA DE DESENV. DO VALE DO SAO FRANCISCO-DF","BRASÍLIA/DF",80,{"$f":"E240*H241","v":2232}]
[96,"Material","330355-Saboneteira ","Unidade",18,"160058 - 32 GRUPO DE ARTILHARIA DE CAMPANHA-MEX/DF","BRASÍLIA/DF",80,{"$f":"E242*H242","v":1440}]
[{"$nulls":5},"160083 - ESTABELC.GEN GUSTAVO CORDEIRO FARIAS-MEX-DF","BRASÍLIA/DF",10,{"$f":"E242*H243","v":180}]
[{"$nulls":5},"195006 - CIA DE DESENV. DO VALE DO SAO FRANCISCO-DF","BRASÍLIA/DF",30,{"$f":"E242*H244","v":540}]
[97,"Material","253944-Torneira ","Unidade",44.1,"160058 - 32 GRUPO DE ARTILHARIA DE CAMPANHA-MEX/DF","BRASÍLIA/DF",80,{"$f":"E245*H245","v":3528}]
[{"$nulls":5},"160083 - ESTABELC.GEN GUSTAVO CORDEIRO FARIAS-MEX-DF","BRASÍLIA/DF",10,{"$f":"E245*H246","v":441}]
[{"$nulls":5},"195006 - CIA DE DESENV. DO VALE DO SAO FRANCISCO-DF","BRASÍLIA/DF",20,{"$f":"E245*H247","v":882}]
[98,"Material","303691-Torneira ","Unidade",61.17,"160058 - 32 GRUPO DE ARTILHARIA DE CAMPANHA-MEX/DF","BRASÍLIA/DF",80,{"$f":"E248*H248","v":4893.6000000000004}]
[{"$nulls":5},"195006 - CIA DE DESENV. DO VALE DO SAO FRANCISCO-DF","BRASÍLIA/DF",20,{"$f":"E248*H249","v":1223.4000000000001}]
[99,"Material","239640-Torneira ","Unidade",64.48,"160058 - 32 GRUPO DE ARTILHARIA DE CAMPANHA-MEX/DF","BRASÍLIA/DF",80,{"$f":"E250*H250","v":5158.4000000000005}]
[{"$nulls":5},"160083 - ESTABELC.GEN GUSTAVO CORDEIRO FARIAS-MEX-DF","BRASÍLIA/DF",20,{"$f":"E250*H251","v":1289.6000000000001}]
[{"$nulls":5},"195006 - CIA DE DESENV. DO VALE DO SAO FRANCISCO-DF","BRASÍLIA/DF",30,{"$f":"E250*H252","v":1934.4}]
[100,"Material","277412-Broca wídia ","Unidade",7.23,"160058 - 32 GRUPO DE ARTILHARIA DE CAMPANHA-MEX/DF","BRASÍLIA/DF",20,{"$f":"E253*H253","v":144.60000000000002}]
[{"$nulls":5},"160083 - ESTABELC.GEN GUSTAVO CORDEIRO FARIAS-MEX-DF","BRASÍLIA/DF",20,{"$f":"E253*H254","v":144.60000000000002}]
[{"$nulls":5},"160091 - CENTRO INTEGRADO DE TELEMATICA DO EXERCITO","BRASÍLIA/DF",4,{"$f":"E253*H255","v":28.92}]
[{"$nulls":5},"195006 - CIA DE DESENV. DO VALE DO SAO FRANCISCO-DF","BRASÍLIA/DF",10,{"$f":"E253*H256","v":72.300000000000011}]
[101,"Material","266375-Broca wídia ","Unidade",3.47,"160058 - 32 GRUPO DE ARTILHARIA DE CAMPANHA-MEX/DF","BRASÍLIA/DF",20,{"$f":"E257*H257","v":69.400000000000006}]
[{"$nulls":5},"160083 - ESTABELC.GEN GUSTAVO CORDEIRO FARIAS-MEX-DF","BRASÍLIA/DF",10,{"$f":"E257*H258","v":34.700000000000003}]
[{"$nulls":5},"160091 - CENTRO INTEGRADO DE TELEMATICA DO EXERCITO","BRASÍLIA/DF",4,{"$f":"E257*H259","v":13.88}]
[{"$nulls":5},"195006 - CIA DE DESENV. DO VALE DO SAO FRANCISCO-DF","BRASÍLIA/DF",10,{"$f":"E257*H260","v":34.700000000000003}]
[102,"Material","266376-Broca wídia ","Unidade",5,"160058 - 32 GRUPO DE ARTILHARIA DE CAMPANHA-MEX/DF","BRASÍLIA/DF",20,{"$f":"E261*H261","v":100}]
[{"$nulls":5},"160083 - ESTABELC.GEN GUSTAVO CORDEIRO FARIAS-MEX-DF","BRASÍLIA/DF",10,{"$f":"E261*H262","v":50}]
[{"$nulls":5},"160091 - CENTRO INTEGRADO DE TELEMATICA DO EXERCITO","BRASÍLIA/DF",4,{"$f":"E261*H263","v":20}]
[{"$nulls":5},"195006 - CIA DE DESENV. DO VALE DO SAO FRANCISCO-DF","BRASÍLIA/DF",10,{"$f":"E261*H264","v":50}]
[103,"Material","277410-Broca wídia ","Unidade",1.52,"160058 - 32 GRUPO DE ARTILHARIA DE CAMPANHA-MEX/DF","BRASÍLIA/DF",20,{"$f":"E265*H265","v":30.4}]
[{"$nulls":5},"160083 - ESTABELC.GEN GUSTAVO CORDEIRO FARIAS-MEX-DF","BRASÍLIA/DF",10,{"$f":"E265*H266","v":15.2}]
[{"$nulls":5},"160091 - CENTRO INTEGRADO DE TELEMATICA DO EXERCITO","BRASÍLIA/DF",2,{"$f":"E265*H267","v":3.04}]
[{"$nulls":5},"195006 - CIA DE DESENV. DO VALE DO SAO FRANCISCO-DF","BRASÍLIA/DF",50,{"$f":"E265*H268","v":76}]
[104,"Material","227316-Broca ","Unidade",2.17,"160058 - 32 GRUPO DE ARTILHARIA DE CAMPANHA-MEX/DF","BRASÍLIA/DF",20,{"$f":"E269*H269","v":43.4}]
[{"$nulls":5},"160083 - ESTABELC.GEN GUSTAVO CORDEIRO FARIAS-MEX-DF","BRASÍLIA/DF",10,{"$f":"E269*H270","v":21.7}]
[{"$nulls":5},"160091 - CENTRO INTEGRADO DE TELEMATICA DO EXERCITO","BRASÍLIA/DF",2,{"$f":"E269*H271","v":4.34}]
[{"$nulls":5},"195006 - CIA DE DESENV. DO VALE DO SAO FRANCISCO-DF","BRASÍLIA/DF",30,{"$f":"E269*H272","v":65.099999999999994}]
[105,"Material","284259-Broca ","Jogo",112.99,"160058 - 32 GRUPO DE ARTILHARIA DE CAMPANHA-MEX/DF","BRASÍLIA/DF",10,{"$f":"E273*H273","v":1129.8999999999999}]
[{"$nulls":5},"160083 - ESTABELC.GEN GUSTAVO CORDEIRO FARIAS-MEX-DF","BRASÍLIA/DF",10,{"$f":"E273*H274","v":1129.8999999999999}]
[{"$nulls":5},"195006 - CIA DE DESENV. DO VALE DO SAO FRANCISCO-DF","BRASÍLIA/DF",3,{"$f":"E273*H275","v":338.96999999999997}]
[106,"Material","243298-Broca ","Unidade",2.52,"160058 - 32 GRUPO DE ARTILHARIA DE CAMPANHA-MEX/DF","BRASÍLIA/DF",20,{"$f":"E276*H276","v":50.4}]
[{"$nulls":5},"160083 - ESTABELC.GEN GUSTAVO CORDEIRO FARIAS-MEX-DF","BRASÍLIA/DF",10,{"$f":"E276*H277","v":25.2}]
[{"$nulls":5},"195006 - CIA DE DESENV. DO VALE DO SAO FRANCISCO-DF","BRASÍLIA/DF",20,{"$f":"E276*H278","v":50.4}]
[107,"Material","242968-Broca ","Unidade",2,"160058 - 32 GRUPO DE ARTILHARIA DE CAMPANHA-MEX/DF","BRASÍLIA/DF",20,{"$f":"E279*H279","v":40}]
[{"$nulls":5},"160083 - ESTABELC.GEN GUSTAVO CORDEIRO FARIAS-MEX-DF","BRASÍLIA/DF",10,{"$f":"E279*H280","v":20}]
[{"$nulls":5},"195006 - CIA DE DESENV. DO VALE DO SAO FRANCISCO-DF","BRASÍLIA/DF",20,{"$f":"E279*H281","v":40}]
[108,"Material","359439-Bucha parafuso ","Unidade",0.03,"160058 - 32 GRUPO DE ARTILHARIA DE CAMPANHA-MEX/DF","BRASÍLIA/DF",1000,{"$f":"E282*H282","v":30}]
[{"$nulls":5},"160083 - ESTABELC.GEN GUSTAVO CORDEIRO FARIAS-MEX-DF","BRASÍLIA/DF",100,{"$f":"E282*H283","v":3}]
[{"$nulls":5},"195006 - CIA DE DESENV. DO VALE DO SAO FRANCISCO-DF","BRASÍLIA/DF",1000,{"$f":"E282*H284","v":30}]
[109,"Material","318019-Bucha parafuso ","Unidade",0.11,"160058 - 32 GRUPO DE ARTILHARIA DE CAMPANHA-MEX/DF","BRASÍLIA/DF",1000,{"$f":"E285*H285","v":110}]
[{"$nulls":5},"160083 - ESTABELC.GEN GUSTAVO CORDEIRO FARIAS-MEX-DF","BRASÍLIA/DF",100,{"$f":"E285*H286","v":11}]
[{"$nulls":5},"195006 - CIA DE DESENV. DO VALE DO SAO FRANCISCO-DF","BRASÍLIA/DF",1000,{"$f":"E285*H287","v":110}]
[110,"Material","249217-Bucha parafuso ","Unidade",0.03,"160058 - 32 GRUPO DE ARTILHARIA DE CAMPANHA-MEX/DF","BRASÍLIA/DF",1000,{"$f":"E288*H288","v":30}]
[{"$nulls":5},"160083 - ESTABELC.GEN GUSTAVO CORDEIRO FARIAS-MEX-DF","BRASÍLIA/DF",100,{"$f":"E288*H289","v":3}]
[{"$nulls":5},"195006 - CIA DE DESENV. DO VALE DO SAO FRANCISCO-DF","BRASÍLIA/DF",2000,{"$f":"E288*H290","v":60}]
[111,"Material","249218-Bucha parafuso ","Unidade",0.3,"160058 - 32 GRUPO DE ARTILHARIA DE CAMPANHA-MEX/DF","BRASÍLIA/DF",1000,{"$f":"E291*H291","v":300}]
[{"$nulls":5},"160083 - ESTABELC.GEN GUSTAVO CORDEIRO FARIAS-MEX-DF","BRASÍLIA/DF",100,{"$f":"E291*H292","v":30}]
[{"$nulls":5},"195006 - CIA DE DESENV. DO VALE DO SAO FRANCISCO-DF","BRASÍLIA/DF",2000,{"$f":"E291*H293","v":600}]
[112,"Material","288460-Cola ","Frasco 1,00 L",9.3000000000000007,"160058 - 32 GRUPO DE ARTILHARIA DE CAMPANHA-MEX/DF","BRASÍLIA/DF",30,{"$f":"E294*H294","v":279}]
[{"$nulls":5},"195006 - CIA DE DESENV. DO VALE DO SAO FRANCISCO-DF","BRASÍLIA/DF",10,{"$f":"E294*H295","v":93}]
[113,"Material","335061-Fita antiderrapante ","Rolo 5,00 M",17.38,"160058 - 32 GRUPO DE ARTILHARIA DE CAMPANHA-MEX/DF","BRASÍLIA/DF",80,{"$f":"E296*H296","v":1390.3999999999999}]
[{"$nulls":5},"160083 - ESTABELC.GEN GUSTAVO CORDEIRO FARIAS-MEX-DF","BRASÍLIA/DF",2,{"$f":"E296*H297","v":34.76}]
[{"$nulls":5},"195006 - CIA DE DESENV. DO VALE DO SAO FRANCISCO-DF","BRASÍLIA/DF",20,{"$f":"E296*H298","v":347.59999999999997}]
[114,"Material","10146-Mola porta ","Unidade",87.78,"160058 - 32 GRUPO DE ARTILHARIA DE CAMPANHA-MEX/DF","BRASÍLIA/DF",50,{"$f":"E299*H299","v":4389}]
[{"$nulls":5},"195006 - CIA DE DESENV. DO VALE DO SAO FRANCISCO-DF","BRASÍLIA/DF",25,{"$f":"E299*H300","v":2194.5}]
[115,"Material","275057-Parafuso ","Unidade",0.4,"160058 - 32 GRUPO DE ARTILHARIA DE CAMPANHA-MEX/DF","BRASÍLIA/DF",1000,{"$f":"E301*H301","v":400}]
[{"$nulls":5},"160083 - ESTABELC.GEN GUSTAVO CORDEIRO FARIAS-MEX-DF","BRASÍLIA/DF",100,{"$f":"E301*H302","v":40}]
[{"$nulls":5},"195006 - CIA DE DESENV. DO VALE DO SAO FRANCISCO-DF","BRASÍLIA/DF",1000,{"$f":"E301*H303","v":400}]
[116,"Material","250703-Prego com cabeça ","Quilograma",20.260000000000002,"160058 - 32 GRUPO DE ARTILHARIA DE CAMPANHA-MEX/DF","BRASÍLIA/DF",100,{"$f":"E304*H304","v":2026.0000000000002}]
[{"$nulls":5},"160083 - ESTABELC.GEN GUSTAVO CORDEIRO FARIAS-MEX-DF","BRASÍLIA/DF",2,{"$f":"E304*H305","v":40.520000000000003}]
[{"$nulls":5},"195006 - CIA DE DESENV. DO VALE DO SAO FRANCISCO-DF","BRASÍLIA/DF",4,{"$f":"E304*H306","v":81.040000000000006}]
[117,"Material","317913-Prego com cabeça ","Quilograma",9,"160058 - 32 GRUPO DE ARTILHARIA DE CAMPANHA-MEX/DF","BRASÍLIA/DF",100,{"$f":"E307*H307","v":900}]
[{"$nulls":5},"160083 - ESTABELC.GEN GUSTAVO CORDEIRO FARIAS-MEX-DF","BRASÍLIA/DF",2,{"$f":"E307*H308","v":18}]
[{"$nulls":5},"160091 - CENTRO INTEGRADO DE TELEMATICA DO EXERCITO","BRASÍLIA/DF",2,{"$f":"E307*H309","v":18}]
[{"$nulls":5},"195006 - CIA DE DESENV. DO VALE DO SAO FRANCISCO-DF","BRASÍLIA/DF",5,{"$f":"E307*H310","v":45}]
[118,"Material","330577-Prego com cabeça ","Quilograma",10.09,"160058 - 32 GRUPO DE ARTILHARIA DE CAMPANHA-MEX/DF","BRASÍLIA/DF",100,{"$f":"E311*H311","v":1009}]
[{"$nulls":5},"160083 - ESTABELC.GEN GUSTAVO CORDEIRO FARIAS-MEX-DF","BRASÍLIA/DF",2,{"$f":"E311*H312","v":20.18}]
[{"$nulls":5},"160091 - CENTRO INTEGRADO DE TELEMATICA DO EXERCITO","BRASÍLIA/DF",2,{"$f":"E311*H313","v":20.18}]
[{"$nulls":5},"195006 - CIA DE DESENV. DO VALE DO SAO FRANCISCO-DF","BRASÍLIA/DF",5,{"$f":"E311*H314","v":50.45}]
[119,"Material","330576-Prego com cabeça ","Quilograma",11.72,"160058 - 32 GRUPO DE ARTILHARIA DE CAMPANHA-MEX/DF","BRASÍLIA/DF",100,{"$f":"E315*H315","v":1172}]
[{"$nulls":5},"160091 - CENTRO INTEGRADO DE TELEMATICA DO EXERCITO","BRASÍLIA/DF",2,{"$f":"E315*H316","v":23.44}]
[{"$nulls":5},"195006 - CIA DE DESENV. DO VALE DO SAO FRANCISCO-DF","BRASÍLIA/DF",5,{"$f":"E315*H317","v":58.6}]
[120,"Material","367332-Solda estanho ","Rolo 500,00 G",65.42,"160058 - 32 GRUPO DE ARTILHARIA DE CAMPANHA-MEX/DF","BRASÍLIA/DF",50,{"$f":"E318*H318","v":3271}]
[{"$nulls":5},"160083 - ESTABELC.GEN GUSTAVO CORDEIRO FARIAS-MEX-DF","BRASÍLIA/DF",2,{"$f":"E318*H319","v":130.84}]
[{"$nulls":5},"195006 - CIA DE DESENV. DO VALE DO SAO FRANCISCO-DF","BRASÍLIA/DF",2,{"$f":"E318*H320","v":130.84}]
[21,"Material","226313-Verniz ","Galão 3,60 L",64.84,"160058 - 32 GRUPO DE ARTILHARIA DE CAMPANHA-MEX/DF","BRASÍLIA/DF",100,{"$f":"E321*H321","v":6484}]
[{"$nulls":5},"160083 - ESTABELC.GEN GUSTAVO CORDEIRO FARIAS-MEX-DF","BRASÍLIA/DF",2,{"$f":"E321*H322","v":129.68}]
[{"$nulls":5},"160091 - CENTRO INTEGRADO DE TELEMATICA DO EXERCITO","BRASÍLIA/DF",2,{"$f":"E321*H323","v":129.68}]
[{"$nulls":5},"195006 - CIA DE DESENV. DO VALE DO SAO FRANCISCO-DF","BRASÍLIA/DF",4,{"$f":"E321*H324","v":259.36}]
[122,"Material","251453-Alicate universal ","Unidade",40.869999999999997,"160058 - 32 GRUPO DE ARTILHARIA DE CAMPANHA-MEX/DF","BRASÍLIA/DF",50,{"$f":"E325*H325","v":2043.4999999999998}]
[{"$nulls":5},"160083 - ESTABELC.GEN GUSTAVO CORDEIRO FARIAS-MEX-DF","BRASÍLIA/DF",5,{"$f":"E325*H326","v":204.35}]
[{"$nulls":5},"160091 - CENTRO INTEGRADO DE TELEMATICA DO EXERCITO","BRASÍLIA/DF",8,{"$f":"E325*H327","v":326.95999999999998}]
[{"$nulls":5},"195006 - CIA DE DESENV. DO VALE DO SAO FRANCISCO-DF","BRASÍLIA/DF",8,{"$f":"E325*H328","v":326.95999999999998}]
[123,"Material","311040-Arco serra ","Unidade",18.34,"160058 - 32 GRUPO DE ARTILHARIA DE CAMPANHA-MEX/DF","BRASÍLIA/DF",50,{"$f":"E329*H329","v":917}]
[{"$nulls":5},"160083 - ESTABELC.GEN GUSTAVO CORDEIRO FARIAS-MEX-DF","BRASÍLIA/DF",2,{"$f":"E329*H330","v":36.68}]
[{"$nulls":5},"160091 - CENTRO INTEGRADO DE TELEMATICA DO EXERCITO","BRASÍLIA/DF",3,{"$f":"E329*H331","v":55.019999999999996}]
[{"$nulls":5},"195006 - CIA DE DESENV. DO VALE DO SAO FRANCISCO-DF","BRASÍLIA/DF",10,{"$f":"E329*H332","v":183.4}]
[124,"Material","34525-Disco diamantado ","Unidade",16.18,"160058 - 32 GRUPO DE ARTILHARIA DE CAMPANHA-MEX/DF","BRASÍLIA/DF",50,{"$f":"E333*H333","v":809}]
[{"$nulls":5},"160083 - ESTABELC.GEN GUSTAVO CORDEIRO FARIAS-MEX-DF","BRASÍLIA/DF",5,{"$f":"E333*H334","v":80.900000000000006}]
[{"$nulls":5},"195006 - CIA DE DESENV. DO VALE DO SAO FRANCISCO-DF","BRASÍLIA/DF",40,{"$f":"E333*H335","v":647.20000000000005}]
[125,"Material","450448-Jogo chave ","Jogo",28.74,"160058 - 32 GRUPO DE ARTILHARIA DE CAMPANHA-MEX/DF","BRASÍLIA/DF",15,{"$f":"E336*H336","v":431.09999999999997}]
[{"$nulls":5},"160083 - ESTABELC.GEN GUSTAVO CORDEIRO FARIAS-MEX-DF","BRASÍLIA/DF",5,{"$f":"E336*H337","v":143.69999999999999}]
[{"$nulls":5},"160091 - CENTRO INTEGRADO DE TELEMATICA DO EXERCITO","BRASÍLIA/DF",5,{"$f":"E336*H338","v":143.69999999999999}]
[{"$nulls":5},"195006 - CIA DE DESENV. DO VALE DO SAO FRANCISCO-DF","BRASÍLIA/DF",5,{"$f":"E336*H339","v":143.69999999999999}]
[126,"Material","266499-Jogo chaves fenda ","Jogo",83.62,"160058 - 32 GRUPO DE ARTILHARIA DE CAMPANHA-MEX/DF","BRASÍLIA/DF",15,{"$f":"E340*H340","v":1254.3000000000002}]
[{"$nulls":5},"160083 - ESTABELC.GEN GUSTAVO CORDEIRO FARIAS-MEX-DF","BRASÍLIA/DF",5,{"$f":"E340*H341","v":418.1}]
[{"$nulls":5},"195006 - CIA DE DESENV. DO VALE DO SAO FRANCISCO-DF","BRASÍLIA/DF",5,{"$f":"E340*H342","v":418.1}]
[127,"Material","286788-Jogo chaves fenda ","Jogo",63.84,"160058 - 32 GRUPO DE ARTILHARIA DE CAMPANHA-MEX/DF","BRASÍLIA/DF",15,{"$f":"E343*H343","v":957.6}]
[{"$nulls":5},"160083 - ESTABELC.GEN GUSTAVO CORDEIRO FARIAS-MEX-DF","BRASÍLIA/DF",5,{"$f":"E343*H344","v":319.20000000000005}]
[{"$nulls":5},"160091 - CENTRO INTEGRADO DE TELEMATICA DO EXERCITO","BRASÍLIA/DF",3,{"$f":"E343*H345","v":191.52}]
[{"$nulls":5},"195006 - CIA DE DESENV. DO VALE DO SAO FRANCISCO-DF","BRASÍLIA/DF",6,{"$f":"E343*H346","v":383.04}]
[128,"Material","286788-Jogo chaves fenda ","Jogo",63.84,"160058 - 32 GRUPO DE ARTILHARIA DE CAMPANHA-MEX/DF","BRASÍLIA/DF",15,{"$f":"E347*H347","v":957.6}]
[{"$nulls":5},"160083 - ESTABELC.GEN GUSTAVO CORDEIRO FARIAS-MEX-DF","BRASÍLIA/DF",5,{"$f":"E347*H348","v":319.20000000000005}]
[{"$nulls":5},"160091 - CENTRO INTEGRADO DE TELEMATICA DO EXERCITO","BRASÍLIA/DF",3,{"$f":"E347*H349","v":191.52}]
[{"$nulls":5},"195006 - CIA DE DESENV. DO VALE DO SAO FRANCISCO-DF","BRASÍLIA/DF",6,{"$f":"E347*H350","v":383.04}]
[129,"Material","302379-Lâmina serra manual ","Unidade",6.24,"160058 - 32 GRUPO DE ARTILHARIA DE CAMPANHA-MEX/DF","BRASÍLIA/DF",15,{"$f":"E351*H351","v":93.600000000000009}]
[{"$nulls":5},"160083 - ESTABELC.GEN GUSTAVO CORDEIRO FARIAS-MEX-DF","BRASÍLIA/DF",10,{"$f":"E351*H352","v":62.400000000000006}]
[{"$nulls":5},"160091 - CENTRO INTEGRADO DE TELEMATICA DO EXERCITO","BRASÍLIA/DF",3,{"$f":"E351*H353","v":18.72}]
[{"$nulls":5},"195006 - CIA DE DESENV. DO VALE DO SAO FRANCISCO-DF","BRASÍLIA/DF",20,{"$f":"E351*H354","v":124.80000000000001}]
[130,"Material","53481-Regua de nivelar construcao de alvenaria ","Unidade",25.87,"160058 - 32 GRUPO DE ARTILHARIA DE CAMPANHA-MEX/DF","BRASÍLIA/DF",15,{"$f":"E355*H355","v":388.05}]
[{"$nulls":5},"160083 - ESTABELC.GEN GUSTAVO CORDEIRO FARIAS-MEX-DF","BRASÍLIA/DF",3,{"$f":"E355*H356","v":77.61}]
[{"$nulls":5},"160091 - CENTRO INTEGRADO DE TELEMATICA DO EXERCITO","BRASÍLIA/DF",2,{"$f":"E355*H357","v":51.74}]
[{"$nulls":5},"195006 - CIA DE DESENV. DO VALE DO SAO FRANCISCO-DF","BRASÍLIA/DF",2,{"$f":"E355*H358","v":51.74}]
[131,"Material","429114-Trena ","Unidade",23.96,"160058 - 32 GRUPO DE ARTILHARIA DE CAMPANHA-MEX/DF","BRASÍLIA/DF",50,{"$f":"E359*H359","v":1198}]
[{"$nulls":5},"160083 - ESTABELC.GEN GUSTAVO CORDEIRO FARIAS-MEX-DF","BRASÍLIA/DF",10,{"$f":"E359*H360","v":239.60000000000002}]
[{"$nulls":5},"160091 - CENTRO INTEGRADO DE TELEMATICA DO EXERCITO","BRASÍLIA/DF",4,{"$f":"E359*H361","v":95.84}]
[{"$nulls":5},"195006 - CIA DE DESENV. DO VALE DO SAO FRANCISCO-DF","BRASÍLIA/DF",10,{"$f":"E359*H362","v":239.60000000000002}]
[132,"Material","234033-Trena ","Unidade",43.8,"160058 - 32 GRUPO DE ARTILHARIA DE CAMPANHA-MEX/DF","BRASÍLIA/DF",50,{"$f":"E363*H363","v":2190}]
[{"$nulls":5},"160083 - ESTABELC.GEN GUSTAVO CORDEIRO FARIAS-MEX-DF","BRASÍLIA/DF",2,{"$f":"E363*H364","v":87.6}]
[{"$nulls":5},"160091 - CENTRO INTEGRADO DE TELEMATICA DO EXERCITO","BRASÍLIA/DF",2,{"$f":"E363*H365","v":87.6}]
[{"$nulls":5},"195006 - CIA DE DESENV. DO VALE DO SAO FRANCISCO-DF","BRASÍLIA/DF",2,{"$f":"E363*H366","v":87.6}]
[{"$nulls":5},"Total:",null,null,{"$f":"SUM(I4:I366)","v":839402.00999999943}]
[{"$nulls":5},"Subtotal"]
[{"$nulls":5},"160058 - 32 GRUPO DE ARTILHARIA DE CAMPANHA-MEX/DF",null,null,362755.4]
[{"$nulls":5},"160083 - ESTABELC.GEN GUSTAVO CORDEIRO FARIAS-MEX-DF",null,null,25250.19]
[{"$nulls":5},"160091 - CENTRO INTEGRADO DE TELEMATICA DO EXERCITO",null,null,8328.5]
[{"$nulls":5},"195006 - CIA DE DESENV. DO VALE DO SAO FRANCISCO-DF",null,null,443067.92,null,443064.79]
[]
[]
[{"$nulls":8},{"$f":"SUBTOTAL(9,I4:I366)","v":839402.00999999943}]